000 00644nam a2200169 i 4500
001 68129
003 ES-MaACL
005 20230906170217.0
007 t|
008 040610s1920 sp ||||1| spa d
245 0 4 _aLas garantias jurídicas de la vida
_b: trabajo de investigación, crítico y estadístico por los alumnos de Derecho Natural /
_cprólogo de F[ernando] Pérez Bueno.
260 _aMadrid :
_bBass y Cia,
_c1920.
300 _a350 p. :
_bil. ;
_c27 cm.
500 _aPrecede al tít.: Universidad de Madrid. (Facultad de Derecho)
710 2 _aUniversidad de Madrid.
_bFacultad de Derecho.
_97212
852 _aES-MaACL
_jB-11474
999 _c68129
_d68129